Překročí Spojené státy ve vztahu k OSN svůj stín?

Z histórie vzájomných vzťahov USA a OSN. Charakteristika politiky Spojených štátov k OSN. Príčiny rozdielnych postojov USA k OSN. Kríza globálneho bezpečnostného systému, Bushova administratíva a postavenie Rady bezpečnosti. Úvahy o úlohe OSN.

Enregistré dans:
Détails bibliographiques
Auteur principal: Tůma, Miroslav
Format: Chapitre de livre
Langue:tchèque
Sujets:
Tags: Ajouter un tag
Pas de tags, Soyez le premier à ajouter un tag!

MARC

LEADER 00000naa$a2200000$$$4500
001 0018618
005 20231016091551.9
041 0 |a cze 
044 |a CZ 
245 1 0 |a Překročí Spojené státy ve vztahu k OSN svůj stín?  |c Miroslav Tůma 
520 |a Z histórie vzájomných vzťahov USA a OSN. Charakteristika politiky Spojených štátov k OSN. Príčiny rozdielnych postojov USA k OSN. Kríza globálneho bezpečnostného systému, Bushova administratíva a postavenie Rady bezpečnosti. Úvahy o úlohe OSN. 
610 2 0 |a USA 
610 2 0 |a politika medzinárodná 
610 2 0 |a politika bezpečnostná 
610 2 0 |a organizácie medzinárodné 
610 2 0 |a história 
610 2 0 |a vzťahy politické medzinárodné 
610 2 0 |a OSN 
100 1 |a Tůma, Miroslav